Vista normal Vista MARC

Entrada Materia (personas)

Número de registros utilizados en: 2

001 - CONTROL NUMBER

  • control field: 65667

003 - CONTROL NUMBER IDENTIFIER

  • control field: Co-BoUCM

005 - DATE AND TIME OF LATEST TRANSACTION

  • control field: 20141030111650.0

008 - FIXED-LENGTH DATA ELEMENTS

  • fixed length control field: 141030|| aca||aabn | a|a d

040 ## - CATALOGING SOURCE

  • Original cataloging agency: Co-BoUCM
  • Transcribing agency: Co-BoUCM

100 ## - HEADING--PERSONAL NAME

  • Personal name: Alvear, Carlos María de
  • Dates associated with a name: 1789-1852

670 ## - SOURCE DATA FOUND

  • Source citation: Work cat.: (Co-BoUCM): Palomeque, Alberto 1852-1937 64585, Alvear, 1923